[Event "XLI Open Internacional de Barberà del Vallès "A""]
[Site "C/ Torre d’en Gorgs, nº 40, Barberà del Vallès (Barcelona)"]
[Date "2018.??.??"]
[Round "1.1"]
[White "Del Amo Carbo, Jordi"]
[Black "Guseinov, Gadir"]
[Result "*"]
[WhiteElo "2196"]
[BlackElo "2654"]
[PlyCount "0"]
[EventDate "2018.07.04"]
1. d4 {[%clk 1:30:52]} g6 {[%clk 1:30:44]} 2. Nf3 {[%clk 1:30:48]} Bg7
{[%clk 1:31:03]} 3. g3 {[%clk 1:30:58]} d6 {[%clk 1:30:48]} 4. Bg2
{[%clk 1:31:12]} Nd7 {[%clk 1:31:11]} 5. O-O {[%clk 1:31:10]} e5 {[%clk 1:31:35]}
6. c4 {[%clk 1:29:20]} Ne7 {[%clk 1:31:58]} 7. dxe5 {[%clk 1:27:47]} dxe5
{[%clk 1:32:20]} 8. Nc3 {[%clk 1:28:04]} O-O {[%clk 1:32:44]} 9. Qc2
{[%clk 1:26:46]} Nf5 {[%clk 1:32:37]} 10. Rd1 {[%clk 1:25:08]} Nd4
{[%clk 1:31:14]} 11. Nxd4 {[%clk 1:19:01]} exd4 {[%clk 1:31:36]} 12. Nd5
{[%clk 1:17:05]} Nc5 {[%clk 1:22:05]} 13. Nf4 {[%clk 1:05:56]} Re8
{[%clk 1:17:55]} 14. Nd3 {[%clk 1:00:41]} Qe7 {[%clk 1:16:28]} 15. Bd2
{[%clk 0:51:53]} a5 {[%clk 1:15:00]} 16. Nxc5 {[%clk 0:40:47]} Qxc5
{[%clk 1:15:27]} 17. e3 {[%clk 0:40:46]} Bg4 {[%clk 1:09:59]} 18. Re1
{[%clk 0:38:22]} Rad8 {[%clk 1:08:37]} 19. Qc1 {[%clk 0:30:37]} c6
{[%clk 0:50:14]} 20. Rb1 {[%clk 0:27:46]} dxe3 {[%clk 0:44:58]} 21. Bxe3
{[%clk 0:24:35]} Qb4 {[%clk 0:44:53]} 22. a3 {[%clk 0:21:22]} Qb3
{[%clk 0:43:39]} 23. Bg5 {[%clk 0:19:35]} Ra8 {[%clk 0:43:52]} 24. Be4
{[%clk 0:18:02]} Be6 {[%clk 0:41:56]} 25. c5 {[%clk 0:17:40]} a4 {[%clk 0:41:39]}
26. Qf4 {[%clk 0:16:30]} Qc4 {[%clk 0:40:13]} 27. Bf6 {[%clk 0:12:36]} Bxf6
{[%clk 0:39:59]} 28. Qxf6 {[%clk 0:12:59]} Qxc5 {[%clk 0:40:20]} 29. Rbd1
{[%clk 0:12:07]} Bb3 {[%clk 0:39:09]} 30. Rd7 {[%clk 0:10:05]} Qe5
{[%clk 0:39:17]} 31. Qxe5 {[%clk 0:10:00]} Rxe5 {[%clk 0:39:45]} 32. Re3
{[%clk 0:10:09]} Rb5 {[%clk 0:39:08]} 33. Bd3 {[%clk 0:10:09]} Rb6
{[%clk 0:39:34]} 34. Ree7 {[%clk 0:10:17]} Rb8 {[%clk 0:39:48]} 35. Re2
{[%clk 0:08:24]} Bd5 {[%clk 0:39:59]} 36. f4 {[%clk 0:06:47]} Kf8
{[%clk 0:39:06]} 37. Rde7 {[%clk 0:05:38]} Rxb2 {[%clk 0:38:38]} 38. Rxf7+
{[%clk 0:05:50]} Kxf7 {[%clk 0:38:59]} 39. Rxb2 {[%clk 0:06:14]} b5
{[%clk 0:39:24]} 40. Kf2 {[%clk 0:06:12]} Bb3 {[%clk 0:39:28]} 41. f5
{[%clk 0:05:07]} c5 {[%clk 0:39:25]} 42. fxg6+ {[%clk 0:05:28]} hxg6
{[%clk 0:39:54]} 43. Ke3 {[%clk 0:05:24]} c4 {[%clk 0:39:17]} 44. Rf2+
{[%clk 0:05:28]} Kg7 {[%clk 0:39:24]} 45. Be4 {[%clk 0:05:03]} c3
{[%clk 0:37:04]} 46. Kd4 {[%clk 0:04:06]} b4 {[%clk 0:37:14]} 47. axb4
{[%clk 0:02:48]} Rxb4+ {[%clk 0:37:40]} 48. Ke3 {[%clk 0:02:59]} a3
{[%clk 0:37:42]} 49. Bb1 {[%clk 0:02:27]} c2 {[%clk 0:37:49]} 50. Bxc2
{[%clk 0:01:58]} a2 {[%clk 0:38:17]} 51. Kd4 0-1

[Event "XLI Open Internacional de Barberà del Vallès "A""]
[Site "C/ Torre d’en Gorgs, nº 40, Barberà del Vallès (Barcelona)"]
[Date "2018.??.??"]
[Round "1.2"]
[White "Ortiz Suarez, Isan Reynaldo"]
[Black "Bray, Daniel Jose Freire"]
[Result "*"]
[WhiteElo "2548"]
[BlackElo "2194"]
[PlyCount "0"]
[EventDate "2018.07.04"]

1. e4 {[%clk 1:30:57]} c5 {[%clk 1:30:48]} 2. Nf3 {[%clk 1:31:19]} d6
{[%clk 1:30:52]} 3. d4 {[%clk 1:31:41]} cxd4 {[%clk 1:31:14]} 4. Nxd4
{[%clk 1:32:08]} Nf6 {[%clk 1:31:34]} 5. Nc3 {[%clk 1:32:33]} a6 {[%clk 1:31:45]}
6. Bg5 {[%clk 1:32:36]} e6 {[%clk 1:32:02]} 7. f4 {[%clk 1:32:59]} Qb6
{[%clk 1:31:26]} 8. Qd3 {[%clk 1:31:40]} Be7 {[%clk 1:20:23]} 9. O-O-O
{[%clk 1:23:26]} Nbd7 {[%clk 1:10:38]} 10. Be2 {[%clk 1:14:06]} Qc5
{[%clk 0:46:35]} 11. Bf3 {[%clk 1:12:23]} h6 {[%clk 0:44:17]} 12. Bxf6
{[%clk 1:10:26]} Nxf6 {[%clk 0:43:27]} 13. g4 {[%clk 1:10:32]} g5
{[%clk 0:28:47]} 14. f5 {[%clk 1:00:45]} Bd7 {[%clk 0:25:03]} 15. fxe6
{[%clk 1:00:15]} fxe6 {[%clk 0:18:15]} 16. e5 {[%clk 1:00:34]} Qxe5
{[%clk 0:18:39]} 17. Bxb7 {[%clk 0:59:58]} Rb8 {[%clk 0:17:52]} 18. Bc6
{[%clk 0:59:44]} Nxg4 {[%clk 0:14:02]} 19. Rhe1 {[%clk 0:58:20]} Qf4+
{[%clk 0:14:12]} 20. Kb1 {[%clk 0:57:14]} Ne5 {[%clk 0:10:51]} 21. Bxd7+
{[%clk 0:56:53]} Kxd7 {[%clk 0:11:19]} 22. Qxa6 {[%clk 0:57:14]} Rhc8
{[%clk 0:11:11]} 23. Qa4+ {[%clk 0:55:34]} Nc6 {[%clk 0:09:27]} 24. Rxe6
{[%clk 0:53:46]} Bf6 {[%clk 0:07:27]} 25. Re4 {[%clk 0:47:17]} Qf2
{[%clk 0:03:52]} 26. Ndb5 {[%clk 0:42:46]} Qxh2 {[%clk 0:03:46]} 27. Nxd6
{[%clk 0:41:39]} Qxd6 {[%clk 0:03:56]} 28. Rxd6+ {[%clk 0:41:55]} Kxd6
{[%clk 0:04:23]} 29. Qc4 {[%clk 0:39:54]} Kd5 1-0

[Event "XLI Open Internacional de Barberà del Vallès "A""]
[Site "C/ Torre d’en Gorgs, nº 40, Barberà del Vallès (Barcelona)"]
[Date "2018.??.??"]
[Round "1.3"]
[White "Samant, Aditya S"]
[Black "Guliyev, Namig"]
[Result "*"]
[WhiteElo "2191"]
[BlackElo "2545"]
[PlyCount "0"]
[EventDate "2018.07.04"]

1. e4 {[%clk 1:30:49]} c5 {[%clk 1:30:24]} 2. Nf3 {[%clk 1:31:13]} e6
{[%clk 1:30:50]} 3. d4 {[%clk 1:30:57]} cxd4 {[%clk 1:30:54]} 4. Nxd4
{[%clk 1:31:17]} Nf6 {[%clk 1:31:20]} 5. Nc3 {[%clk 1:31:39]} d6 {[%clk 1:31:47]}
6. g4 {[%clk 1:31:34]} h6 {[%clk 1:32:12]} 7. h4 {[%clk 1:31:39]} Nc6
{[%clk 1:32:35]} 8. Rg1 {[%clk 1:31:38]} h5 {[%clk 1:31:45]} 9. gxh5
{[%clk 1:31:42]} Nxh5 {[%clk 1:31:27]} 10. Bg5 {[%clk 1:32:00]} Nf6
{[%clk 1:31:24]} 11. Be2 {[%clk 1:31:56]} Bd7 {[%clk 1:27:46]} 12. h5
{[%clk 1:26:26]} a6 {[%clk 1:24:08]} 13. Qd2 {[%clk 1:25:57]} Qb6
{[%clk 1:23:34]} 14. Nb3 {[%clk 1:25:17]} Nxh5 {[%clk 1:19:36]} 15. Rh1
{[%clk 1:25:10]} g6 {[%clk 1:19:51]} 16. O-O-O Qxf2 {[%clk 1:14:33]} 17. e5
{[%clk 1:24:29]} Qf5 {[%clk 1:12:03]} 18. exd6 {[%clk 1:24:48]} Qxg5
{[%clk 1:07:44]} 19. Qxg5 {[%clk 1:23:18]} Bh6 {[%clk 1:08:09]} 20. Qxh6
{[%clk 1:23:04]} Rxh6 {[%clk 1:08:34]} 21. Na4 {[%clk 1:23:16]} Ne5
{[%clk 1:02:07]} 22. Nb6 {[%clk 1:23:16]} Rd8 {[%clk 1:02:27]} 23. Nc5
{[%clk 1:21:32]} Bc6 {[%clk 1:01:17]} 24. Rh3 {[%clk 1:21:48]} Rh7
{[%clk 0:56:26]} 25. Re3 {[%clk 1:13:38]} Nd7 {[%clk 0:54:48]} 26. Nbxd7
{[%clk 1:12:45]} Rxd7 {[%clk 0:55:12]} 27. Nxd7 {[%clk 1:09:45]} Bxd7
{[%clk 0:51:17]} 28. Bf3 {[%clk 1:08:46]} b5 {[%clk 0:50:02]} 29. Ra3
{[%clk 1:07:55]} f5 {[%clk 0:50:27]} 30. Rxa6 {[%clk 1:08:16]} Nf6
{[%clk 0:50:51]} 31. Re1 {[%clk 0:49:44]} Kf7 {[%clk 0:38:51]} 32. Bc6
{[%clk 0:40:12]} Bxc6 {[%clk 0:33:41]} 33. Rxc6 {[%clk 0:40:35]} Nd7
{[%clk 0:34:08]} 34. Rc7 {[%clk 0:39:17]} Kf6 {[%clk 0:34:33]} 35. a4
{[%clk 0:39:42]} e5 {[%clk 0:30:09]} 36. axb5 {[%clk 0:33:12]} Ke6
{[%clk 0:30:28]} 37. b6 {[%clk 0:30:29]} Rh8 {[%clk 0:30:51]} 38. b7
{[%clk 0:28:30]} Rb8 {[%clk 0:31:08]} 39. Rd1 {[%clk 0:28:38]} e4
{[%clk 0:28:46]} 40. c4 {[%clk 0:28:31]} e3 {[%clk 0:29:07]} 41. c5
{[%clk 0:28:57]} f4 {[%clk 0:26:57]} 42. c6 {[%clk 0:28:34]} e2 {[%clk 0:27:23]}
43. cxd7 {[%clk 0:20:13]} exd1=Q+ {[%clk 0:27:37]} 44. Kxd1 {[%clk 0:20:35]} f3
{[%clk 0:28:02]} 45. Rc8 {[%clk 0:20:10]} Kd5 1-0

[Event "XLI Open Internacional de Barberà del Vallès "A""]
[Site "C/ Torre d’en Gorgs, nº 40, Barberà del Vallès (Barcelona)"]
[Date "2018.??.??"]
[Round "1.4"]
[White "Martinez Alcantara, Jose Eduardo"]
[Black "Ros Alonso, Jaume"]
[Result "*"]
[WhiteElo "2545"]
[BlackElo "2188"]
[PlyCount "0"]
[EventDate "2018.07.04"]

1. e4 {[%clk 1:30:58]} c5 {[%clk 1:30:49]} 2. Nf3 {[%clk 1:31:26]} e6
{[%clk 1:31:10]} 3. d4 {[%clk 1:31:52]} cxd4 {[%clk 1:31:33]} 4. Nxd4
{[%clk 1:32:17]} a6 {[%clk 1:31:55]} 5. Bd3 {[%clk 1:32:43]} Bc5 {[%clk 1:31:46]}
6. Nb3 {[%clk 1:33:08]} Ba7 {[%clk 1:32:10]} 7. Qe2 {[%clk 1:33:15]} Nc6
{[%clk 1:31:54]} 8. Be3 {[%clk 1:32:51]} d6 {[%clk 1:31:09]} 9. O-O
{[%clk 1:31:57]} Nge7 {[%clk 1:30:50]} 10. Bxa7 {[%clk 1:32:01]} Rxa7
{[%clk 1:31:11]} 11. c4 {[%clk 1:32:27]} O-O {[%clk 1:30:21]} 12. Nc3
{[%clk 1:32:29]} e5 {[%clk 1:28:30]} 13. Rfd1 {[%clk 1:28:07]} Be6
{[%clk 1:21:56]} 14. Qd2 {[%clk 1:26:52]} Qb8 {[%clk 1:18:01]} 15. Be2
{[%clk 1:22:17]} Rd8 {[%clk 1:16:45]} 16. a4 {[%clk 1:19:51]} b6 {[%clk 1:13:42]}
17. Nd5 {[%clk 1:13:37]} Rb7 {[%clk 0:57:50]} 18. Rac1 {[%clk 1:11:37]} Ng6
{[%clk 0:41:51]} 19. Rc3 {[%clk 1:06:50]} f6 {[%clk 0:35:50]} 20. h3
{[%clk 1:02:56]} Kh8 {[%clk 0:33:01]} 21. Bg4 {[%clk 1:01:37]} Nf8
{[%clk 0:30:17]} 22. Qe2 {[%clk 0:54:34]} Qc8 {[%clk 0:24:24]} 23. Rg3
{[%clk 0:38:34]} Bxg4 {[%clk 0:19:47]} 24. hxg4 {[%clk 0:39:00]} Ne6
{[%clk 0:18:46]} 25. Qe3 {[%clk 0:34:08]} Ncd4 {[%clk 0:14:30]} 26. Nxd4
{[%clk 0:34:20]} Nxd4 {[%clk 0:14:43]} 27. b3 {[%clk 0:34:04]} b5
{[%clk 0:13:00]} 28. cxb5 {[%clk 0:32:10]} axb5 {[%clk 0:13:17]} 29. a5
{[%clk 0:32:19]} Qc2 {[%clk 0:09:00]} 30. Re1 {[%clk 0:32:14]} Qa2
{[%clk 0:07:10]} 31. b4 {[%clk 0:32:09]} Rc8 {[%clk 0:06:47]} 32. Kh2
{[%clk 0:31:07]} Rc2 {[%clk 0:05:10]} 33. Rc1 {[%clk 0:30:59]} Rb8
{[%clk 0:02:24]} 34. Rxc2 {[%clk 0:31:08]} Qxc2 {[%clk 0:02:43]} 35. Rh3
{[%clk 0:31:01]} Ne6 {[%clk 0:01:24]} 36. a6 {[%clk 0:29:16]} Qa2
{[%clk 0:00:53]} 37. Qa7 {[%clk 0:28:57]} Rf8 {[%clk 0:00:34]} 38. Qe7
{[%clk 0:29:06]} Qxa6 {[%clk 0:00:31]} 39. Qxe6 {[%clk 0:29:26]} 1-0

[Event "XLI Open Internacional de Barberà del Vallès "A""]
[Site "C/ Torre d’en Gorgs, nº 40, Barberà del Vallès (Barcelona)"]
[Date "2018.??.??"]
[Round "1.9"]
[White "Deshpande, Aniruddha"]
[Black "Vasquez Schroeder, Rodrigo"]
[Result "*"]
[WhiteElo "2132"]
[BlackElo "2494"]
[PlyCount "0"]
[EventDate "2018.07.04"]

1. d4 {[%clk 1:29:33]} Nf6 {[%clk 1:30:51]} 2. c4 {[%clk 1:29:58]} e6
{[%clk 1:31:16]} 3. g3 {[%clk 1:30:18]} c5 {[%clk 1:31:12]} 4. d5
{[%clk 1:30:39]} exd5 {[%clk 1:31:35]} 5. cxd5 {[%clk 1:31:05]} d6
{[%clk 1:31:59]} 6. Nc3 {[%clk 1:31:00]} g6 {[%clk 1:32:17]} 7. Bg2
{[%clk 1:31:18]} Bg7 {[%clk 1:32:44]} 8. Nf3 {[%clk 1:31:16]} O-O
{[%clk 1:33:07]} 9. O-O {[%clk 1:31:43]} Bf5 10. Nd2 {[%clk 1:19:43]} Qd7
{[%clk 1:26:02]} 11. a4 {[%clk 1:10:13]} Bh3 {[%clk 1:24:05]} 12. Nc4
{[%clk 1:09:44]} Bxg2 {[%clk 1:22:01]} 13. Kxg2 {[%clk 1:10:07]} Qe7
{[%clk 1:20:42]} 14. f3 {[%clk 0:57:30]} Na6 {[%clk 1:16:12]} 15. Bf4
{[%clk 0:56:30]} Rfd8 {[%clk 1:16:20]} 16. Nb5 {[%clk 0:53:26]} Ne8
{[%clk 1:15:51]} 17. Ra3 {[%clk 0:52:07]} Bf8 {[%clk 0:24:27]} 18. Re3
{[%clk 0:39:06]} Qd7 {[%clk 0:24:33]} 19. Rxe8 {[%clk 0:34:36]} Rxe8
{[%clk 0:24:00]} 20. Nbxd6 {[%clk 0:29:59]} Red8 {[%clk 0:23:53]} 21. h4 Nb4
{[%clk 0:23:01]} 22. e4 {[%clk 0:16:16]} f6 {[%clk 0:22:43]} 23. g4
{[%clk 0:13:44]} Qc7 {[%clk 0:21:06]} 24. e5 {[%clk 0:07:37]} fxe5
{[%clk 0:21:26]} 25. Nb5 {[%clk 0:07:29]} Qf7 {[%clk 0:21:29]} 26. Bxe5
{[%clk 0:05:57]} Rxd5 {[%clk 0:20:46]} 27. Qe1 {[%clk 0:02:48]} Re8
{[%clk 0:19:27]} 28. Qg3 {[%clk 0:02:06]} Qd7 {[%clk 0:17:51]} 29. Nc3
{[%clk 0:01:57]} Nc6 {[%clk 0:14:54]} 30. Ne4 {[%clk 0:01:35]} Be7
{[%clk 0:14:39]} 31. Bc3 {[%clk 0:01:26]} Rf8 {[%clk 0:14:19]} 32. h5
{[%clk 0:01:38]} g5 {[%clk 0:09:20]} 33. Ne3 {[%clk 0:01:43]} Rd3
{[%clk 0:09:33]} 34. Nf5 {[%clk 0:01:25]} Rxf5 {[%clk 0:09:53]} 35. gxf5
{[%clk 0:01:53]} Qxf5 {[%clk 0:10:05]} 36. Qg4 {[%clk 0:01:53]} Nd4
{[%clk 0:08:03]} 37. Ng3 {[%clk 0:02:06]} Qxg4 {[%clk 0:07:13]} 38. fxg4
{[%clk 0:02:31]} Bd6 {[%clk 0:06:19]} 39. Ne4 {[%clk 0:02:21]} Be7
{[%clk 0:05:39]} 40. Ng3 {[%clk 0:02:48]} Ne6 {[%clk 0:05:58]} 41. Nf5
{[%clk 0:02:03]} Bf8 {[%clk 0:06:21]} 42. Be5 {[%clk 0:01:48]} Rd5
{[%clk 0:06:29]} 43. Re1 {[%clk 0:01:41]} Kf7 {[%clk 0:06:53]} 44. Kf3
{[%clk 0:01:50]} c4 {[%clk 0:05:36]} 45. Ke4 {[%clk 0:01:58]} Rd3
{[%clk 0:05:51]} 46. Bd4 {[%clk 0:01:43]} Nxd4 {[%clk 0:04:34]} 47. Nxd4
{[%clk 0:02:09]} Bg7 {[%clk 0:04:27]} 48. Nf3 Bxb2 {[%clk 0:03:01]} 49. Rb1
{[%clk 0:01:12]} Rxf3 {[%clk 0:02:55]} 50. Rxb2 {[%clk 0:01:20]} Rf4+
{[%clk 0:03:06]} 51. Ke5 {[%clk 0:01:44]} b6 {[%clk 0:03:30]} 52. a5
{[%clk 0:00:38]} c3 {[%clk 0:03:41]} 53. Rb3 {[%clk 0:00:59]} Rc4
{[%clk 0:03:30]} 54. axb6 {[%clk 0:01:17]} axb6 {[%clk 0:03:55]} 55. Rxb6
{[%clk 0:01:16]} c2 {[%clk 0:04:06]} 56. Rb7+ {[%clk 0:01:34]} Ke8
{[%clk 0:04:31]} 57. Kd4 0-1